000 00348nam a2200145Ia 4500
008 100122s9999 xx 000 0 und d
082 _b11473
_a50
245 _aअलका
300 _a148
520 _aदिवाळी - 2003
620 _aदिवाळी - 2003
630 _aअलका
730 _aअलका
942 _cBOOK
999 _c384992
_d384989